000 00438nam a2200181Ia 4500
001 17198
005 20260306170407.0
008 260306t2012||||xx |||||||||||||| ||und||
041 _aESP
082 _a657.61
_bA47
100 _aAlvarado Mairena, José
_eAUT
245 0 _aManual de contabilidad gubernamental
260 _c2012
300 _a765 páginas :
_c24 cm.
650 _aGEN
654 _aCCO
942 _cLIB
_dJUS
_fJUS
_2ddc
_n
999 _c17198
_d17198